Normal view
MARC view
Entry Topical Term
001 - CONTROL NUMBER
- control field: 42466
003 - CONTROL NUMBER IDENTIFIER
- control field: dpl
005 - DATE AND TIME OF LATEST TRANSACTION
- control field: 20120217133426.0
008 - FIXED-LENGTH DATA ELEMENTS
- fixed length control field: 120217|||a|||||| | ||| d
040 ## - CATALOGING SOURCE
- Original cataloging agency: dpl
- Transcribing agency: dpl
150 ## - HEADING--TOPICAL TERM
- Topical term or geographic name as entry element: Statistic
670 ## - SOURCE DATA FOUND
- Source citation: Work cat.: (dpl)63110: 42465, भारत के सांस्कृतिक केन्द्रः मथुरा /, 2007
670 ## - SOURCE DATA FOUND
- Source citation: Work cat.: (dpl)63110: 42465, भारत के सांस्कृतिक केन्द्रः मथुरा /, 2007
